| 000 | 01462nam a2200277Ia 4500 | ||
|---|---|---|---|
| 008 | 191130s2009##################000#0#eng## | ||
| 020 | _a9780262013550 | ||
| 022 | _a2009037795 | ||
| 040 |
_aACL _cACL |
||
| 082 | _a709.7307474748 ROL | ||
| 245 |
_aTim Rollins and K.O.S. : a history _cedited by Ian Berry ; with essays by Julie Ault ... [et al.] and a dialogue with Tim Rollins by Ian Berry |
||
| 260 |
_aCambridge, MA _bMIT Press _c2009 |
||
| 300 | _a272 p. : ill. (some col.) ; 30 cm. | ||
| 500 | _aIssued in connection with an exhibition held Feb. 6-June 6, 2009, Frances Young Tang Teaching Museum and Art Gallery at Skidmore College, Saratoga Springs, New York, Sept. 11-Dec. 6, 2009, Institute of Contemporary Art, University of Pennsylvania, Philadelphia, Pennsylvania, and Jan. 23-May 31, 2010, Frye Art Museum, Seattle, Washington. Includes bibliographical references (p. 264-269) | ||
| 650 | _aGroup work in art - United States - Exhibitions | ||
| 650 | _aK.O.S. (Group of artists) - Exhibitions | ||
| 650 | _aMixed media painting - United States - Exhibitions | ||
| 650 | _aRollins, Tim, 1955- - Exhibitions | ||
| 700 | _aAult, Julie | ||
| 700 | _aBerry, Ian | ||
| 700 | _aRollins, Tim | ||
| 710 | _aCharles and Emma Frye Art Museum, Frances Young Tang Teaching Museum and Art Gallery, University of Pennsylvania. Institute of Contemporary Art | ||
| 990 | _a53f3dd26ac10000c1598518fe304544f | ||
| 991 | _a299032 | ||
| 999 |
_c79217 _d79217 |
||